000 00577nam a2200229Ia 4500
003 OSt
005 20220923230616.0
006 a|||||r|||| 00| 0
007 ta
008 Pun
024 _a283,795
037 _cTextual
040 _aARTS
_cARTS
_bPun
041 _2Pun
_aPun
082 _aO153,6NJAx, L0
100 _aਗਿੱਲ, ਜਸਵੰਤ
245 0 _aਗਿਆਣ ਕਣੀ
260 _c1970
650 _aਪੰਜਾਬੀ ਸਾਹਿਤ
942 _hO153,6NJAx, L0
_cTEXL
_2CC
999 _c386011
_d386011